Lonely planet africa / (Record no. 15807)
[ view plain ]
| 000 -LEADER | |
|---|---|
| fixed length control field | 01708nam a2200325 a 4500 |
| 001 - CONTROL NUMBER | |
| control field | ASIN1741044820 |
| 005 - DATE AND TIME OF LATEST TRANSACTION | |
| control field | 20170105102926.0 |
| 008 - FIXED-LENGTH DATA ELEMENTS--GENERAL INFORMATION | |
| fixed length control field | 131211s2007 xxu eng d |
| 020 ## - INTERNATIONAL STANDARD BOOK NUMBER | |
| International Standard Book Number | 1741044820 (paperback) |
| Terms of availability | $35.99 |
| 020 ## - INTERNATIONAL STANDARD BOOK NUMBER | |
| International Standard Book Number | 9781741044829 (paperback) |
| 040 ## - CATALOGING SOURCE | |
| Original cataloging agency | 0 |
| 082 ## - DEWEY DECIMAL CLASSIFICATION NUMBER | |
| Classification number | 916.0433 |
| Author Mark | AFR 2007 |
| 100 1# - MAIN ENTRY--PERSONAL NAME | |
| Personal name | Pitcher, Gemma. |
| 245 00 - TITLE STATEMENT | |
| Title | Lonely planet africa / |
| Statement of responsibility, etc. | Gemma Pitcher, David Andrew, Tim Bewer, Jean-Bernard Carillet, Anthony Ham, Vesna Maric, Nick Ray, Brendan Sainsbury, Jenny Walker, Vanessa Wruble. |
| 250 ## - EDITION STATEMENT | |
| Edition statement | 11 Anv ed. |
| 260 ## - PUBLICATION, DISTRIBUTION, ETC. | |
| Place of publication, distribution, etc. | [S.l.] : |
| Name of publisher, distributor, etc. | Lonely Planet, |
| Date of publication, distribution, etc. | 2007. |
| 300 ## - PHYSICAL DESCRIPTION | |
| Extent | 1184 p. ; |
| Dimensions | 20 cm. |
| 520 ## - SUMMARY, ETC. | |
| Summary, etc. | Discover Africa Watch the sun set over the Niger at Mopti, where Malians trade fish for salt with the desert Tuareg. Wake up to the tug of a trunk as elephants wander through your campsite in the Serengeti National Park. Dip your oar quietly into the Okavango Delta as you drift towards a pride of lions lounging on the water's edge. In This Guide: 24 authors, 49 countries, 1 delicious giant rat. Covering more countries than any other Africa travel guide. Feature chapter on Africa's development by veteran Africa journalist and best-selling author Michela Wrong. Visit lonelyplanet.com for up-to-the-minute reviews, updates, and traveler suggestions. |
| 700 1# - ADDED ENTRY--PERSONAL NAME | |
| Personal name | Andrew, David. |
| 700 1# - ADDED ENTRY--PERSONAL NAME | |
| Personal name | Bewer, Tim. |
| 700 1# - ADDED ENTRY--PERSONAL NAME | |
| Personal name | Carillet, Jean-Bernard. |
| 700 1# - ADDED ENTRY--PERSONAL NAME | |
| Personal name | Ham, Anthony. |
| 700 1# - ADDED ENTRY--PERSONAL NAME | |
| Personal name | Maric, Vesna. |
| 700 1# - ADDED ENTRY--PERSONAL NAME | |
| Personal name | Ray, Nick. |
| 700 1# - ADDED ENTRY--PERSONAL NAME | |
| Personal name | Sainsbury, Brendan. |
| 700 1# - ADDED ENTRY--PERSONAL NAME | |
| Personal name | Walker, Jenny. |
| 700 1# - ADDED ENTRY--PERSONAL NAME | |
| Personal name | Wruble, Vanessa. |
| 856 40 - ELECTRONIC LOCATION AND ACCESS | |
| Materials specified | Amazon.com |
| Uniform Resource Identifier | <a href="http://www.amazon.com/exec/obidos/ASIN/1741044820/chopaconline-20">http://www.amazon.com/exec/obidos/ASIN/1741044820/chopaconline-20</a> |
| 942 ## - ADDED ENTRY ELEMENTS (KOHA) | |
| Source of classification or shelving scheme | |
| Koha item type | Book |
| Withdrawn status | Lost status | Damaged status | Not for loan | Collection code | Permanent Location | Current Location | Shelving location | Date acquired | Total Checkouts | Full call number | Barcode | Date last seen | Price effective from | Koha item type |
|---|---|---|---|---|---|---|---|---|---|---|---|---|---|---|
| Centre for International Peace & Stability (CIPS) | Centre for International Peace & Stability (CIPS) | General Stacks | 10/02/2013 | 916.0433 AFR 2007 | CIPS0001718 | 12/12/2013 | 12/12/2013 | Book |
